[Event "Nouakchott zt 4.1"]
[Site "Nouakchott"]
[Date "2013.03.29"]
[Round "1"]
[White "Zaibi, Amir"]
[Black "Sidi Mbareck, Mohamed"]
[Result "1-0"]
[WhiteElo "2264"]
[BlackElo "1917"]
[PlyCount "73"]
[EventDate "2013.03.29"]
[EventType "swiss"]
[EventRounds "9"]
[EventCountry "MAU"]
[SourceTitle "EXT 2015"]
[Source "ChessBase"]
[SourceDate "2014.11.20"]
[SourceVersion "1"]
[SourceVersionDate "2014.11.20"]
[SourceQuality "1"]

1. e4 e5 2. Nc3 Nc6 3. Bc4 Nf6 4. d3 Na5 5. Nge2 Be7 6. 0-0 0-0 7. a4 Nxc4 8. dxc4 c6 9. Qd3 d6 10. Rd1 Qa5 11. Bd2 Qc7 12. Bg5 Rd8 13. b3 Bg4 14. h3 Bxe2 15. Qxe2 Ne8 16. Bxe7 Qxe7 17. Rd3 Nc7 18. Rad1 Ne6 19. Qd2 Nf4 20. Rxd6 Rxd6 21. Qxd6 Qg5 22. g3 Nxh3+ 23. Kf1 Rf8 24. Qd7 Qh5 25. Rd3 Ng5 26. Kg2 f5 27. exf5 Qh3+ 28. Kg1 Rxf5 29. Ne4 h6 30. Nxg5 hxg5 31. Rf3 g6 32. Qc8+ Kg7 33. Qd7+ Kg8 34. Qe6+ Kh7 35. Rd3 g4 36. Qe7+ Kh6 37. Rd8 1-0

[Event "Olympiad-40"]
[Site "Istanbul"]
[Date "2012.08.29"]
[Round "2.2"]
[White "Qureshi, MA."]
[Black "Sidi Mbareck, Mohamed"]
[Result "1-0"]
[WhiteElo "2190"]
[BlackElo "1947"]
[PlyCount "81"]
[EventDate "2012.08.28"]
[EventType "team-swiss"]
[EventRounds "11"]
[EventCountry "TUR"]
[SourceTitle "CBM 151"]
[Source "ChessBase"]
[SourceDate "2012.11.13"]
[SourceVersion "1"]
[SourceVersionDate "2012.11.13"]
[SourceQuality "1"]
[WhiteTeam "Pakistan"]
[BlackTeam "Mauritania"]
[WhiteTeamCountry "PAK"]
[BlackTeamCountry "MAU"]

1. d4 Nf6 2. c4 g6 3. Nc3 Bg7 4. e4 d6 5. Nf3 0-0 6. Be2 e5 7. 0-0 Na6 8. Be3 Ng4 9. Bg5 Qe8 10. d5 f6 11. Bd2 f5 12. Ne1 Nf6 13. exf5 gxf5 14. f4 e4 15. Be3 Qg6 16. Nc2 Kh8 17. Bd4 Rg8 18. Ne3 c5 19. dxc6 bxc6 20. Nb1 Nc5 21. Na3 Nd3 22. Bxd3 exd3 23. Qxd3 Ne4 24. Rae1 Bd7 25. Re2 Bxd4 26. Qxd4+ Rg7 27. Nac2 a5 28. Ne1 a4 29. Nf3 h6 30. Nh4 Qh5 31. Nhxf5 Bxf5 32. Nxf5 Qxf5 33. Qxe4 Qc5+ 34. Kh1 Qh5 35. Rd1 d5 36. cxd5 Rag8 37. Qe5 Qg4 38. dxc6 Kh7 39. h3 Qg3 40. c7 Qh4 41. c8Q 1-0

[Event "Nouakchott op 1st"]
[Site "Nouakchott"]
[Date "2012.06.09"]
[Round "5"]
[White "Yahi, Mohamed Salem"]
[Black "Sidi Mbareck, Mohamed"]
[Result "1/2-1/2"]
[WhiteElo "1850"]
[BlackElo "1965"]
[PlyCount "61"]
[EventDate "2012.06.06"]
[EventType "swiss"]
[EventRounds "7"]
[EventCountry "MAU"]
[SourceTitle "EXT 2022"]
[Source "ChessBase"]
[SourceDate "2021.10.06"]
[SourceVersion "1"]
[SourceVersionDate "2021.10.06"]
[SourceQuality "1"]

1. d4 Nf6 2. c4 g6 3. Nc3 Bg7 4. e4 d6 5. Bd3 e5 6. d5 Na6 7. Bg5 Nc5 8. Bc2 a5 9. a4 h6 10. Be3 Ng4 11. Bxc5 dxc5 12. Nf3 h5 13. h3 Nh6 14. Qd2 0-0 15. Qg5 Bd7 16. Nb5 Bxb5 17. axb5 Qd6 18. g4 Qd8 19. gxh5 Qxg5 20. Nxg5 gxh5 21. Rg1 Kh8 22. Ra3 Ng8 23. Nf3 Rae8 24. Nh4 Bh6 25. Ke2 Bf4 26. Rf3 Nh6 27. Ng2 Rg8 28. Kf1 Bc1 29. b3 Rg7 30. Ne3 Rxg1+ 31. Kxg1 1/2-1/2

[Event "Nouakchott op 1st"]
[Site "Nouakchott"]
[Date "2012.06.08"]
[Round "4"]
[White "Sidi Mbareck, Mohamed"]
[Black "Boydia, Sidi"]
[Result "0-1"]
[WhiteElo "1965"]
[BlackElo "2002"]
[PlyCount "76"]
[EventDate "2012.06.06"]
[EventType "swiss"]
[EventRounds "7"]
[EventCountry "MAU"]
[SourceTitle "EXT 2022"]
[Source "ChessBase"]
[SourceDate "2021.10.06"]
[SourceVersion "1"]
[SourceVersionDate "2021.10.06"]
[SourceQuality "1"]

1. e4 c5 2. c3 d5 3. exd5 Qxd5 4. d4 Nc6 5. Nf3 Bf5 6. Na3 cxd4 7. Nb5 0-0-0 8. cxd4 e5 9. Nc3 Bb4 10. Bd2 Bxc3 11. bxc3 exd4 12. cxd4 Nxd4 13. Nxd4 Qxd4 14. Rc1+ Kb8 15. Rc4 Re8+ 16. Be3 Qxd1+ 17. Kxd1 Nf6 18. Be2 Rd8+ 19. Kc1 Rc8 20. Kb2 Be6 21. Ra4 a6 22. Ka1 Nd5 23. Bd4 Nc3 24. Bxc3 Rxc3 25. Bf3 Rhc8 26. Rb1 Rc1 27. Rab4 Rxb1+ 28. Rxb1 Rc7 29. a3 Ka7 30. Kb2 Rd7 31. Kc3 Bd5 32. Bxd5 Rxd5 33. Re1 Rf5 34. f3 b5 35. Rd1 Rc5+ 36. Kb3 Kb6 37. Rd6+ Rc6 38. Rxc6+ Kxc6 0-1